| 000 | 00777nam a22002771 4500 | ||
|---|---|---|---|
| 999 |
_c528414 _d528414 |
||
| 001 | 4531545 | ||
| 003 | NUST | ||
| 005 | 20190912045712.0 | ||
| 008 | 800124s1963 nyua b 000 0 eng | ||
| 010 | _a 63011452 | ||
| 038 | _aMSOHAIL | ||
| 040 |
_aDLC _cDLC _dDLC |
||
| 050 | 0 | 0 |
_aQC173 _b.S6 1963 |
| 082 | 0 | 0 |
_a539.7 _bSPR |
| 100 | 1 |
_aSproull, Robert L. _920201 |
|
| 245 | 1 | 0 |
_aModern physics; _bthe quantum physics of atoms, solids, and nuclei. |
| 250 | _a2d ed. | ||
| 260 |
_aNew York, _bWiley _c[1963] |
||
| 300 |
_a630 p. _billus. _c24 cm. |
||
| 504 | _aIncludes bibliography. | ||
| 650 | 0 |
_aNuclear physics. _9259 |
|
| 650 | 0 |
_aQuantum theory. _9177 |
|
| 650 | 0 |
_aElectronics. _920202 |
|
| 906 |
_a7 _bcbc _corignew _du _eocip _f19 _gy-gencatlg |
||
| 942 |
_2ddc _cBK |
||